000 00646nam a22001817a 4500
001 2013254
003 AM-YeHGA
005 20250904145703.0
008 250401s1922 ru |||||r|||||||||0|rus|d
040 _aAM-YeHGA
041 0 _arus
110 2 _aРоссийская коммунистическая партия (большевиков)
245 1 0 _aВсероссийская конференция РКП(б) 4-7 августа 1922 г. :
_bБюллетень.
260 _aМосква :
_bИзд. ЦК РКП,
_c1922.
300 _a183 с.
650 1 4 _aИстория Коммунистической партии
942 _2udc
_cBK
999 _c534101
_d534101